000 01126nam a22002417a 4500
999 _c16643
_d16643
005 20251125232846.0
008 s2513 th tha d
040 _aNALT
041 _atha
245 1 0 _aหนังสือที่ระลึกในงานพระกฐินพระราชทานรัฐสภา พ.ศ. 2513
260 3 _aพระนคร :
_bรัฐสภา,
_c2513
300 _a93 หน้า ;
_b 19 ซม.
650 0 4 _aข้อบังคับการประชุม -- 2512
650 0 4 _aข้อบังคับการประชุม -- 2513
650 0 4 _aรัฐธรรมนูญ -- ไทย -- 2511
650 0 4 _aวุฒิสภา -- ข้อบังคับการประชุม -- 2512
650 0 4 _aสภาผู้แทนราษฎร -- ข้อบังคับการประชุม -- 2513
850 _aNALT
856 4 0 _uhttps://hdl.handle.net/20.500.14156/465532
942 _cLB
_2lcc
998 _j25
_k นีลวัสน์ อินทรักษา
090 _aKD32 ร362ห 2511